|
|
|
|
| LEADER |
00000nas a2200000 i 4500 |
| 001 |
ssj0000393420 |
| 003 |
WaSeSS |
| 005 |
20200512172242.0 |
| 006 |
m d |
| 007 |
cr n |
| 008 |
100715c20109999enkqr p s 0 a0eng d |
| 010 |
|
|
|a 2017208436
|
| 015 |
|
|
|a GBB400042
|2 bnb
|
| 016 |
7 |
|
|a 101541475
|2 DNLM
|
| 016 |
7 |
|
|a 015528879
|2 Uk
|
| 016 |
7 |
|
|a 015528952
|2 Uk
|
| 022 |
|
|
|a 2044-1835
|y 2044-1827
|
| 035 |
|
|
|a (WaSeSS)ssj0000393420
|
| 037 |
|
|
|a ISSN_14717794
|b Portico
|n Emerald
|
| 040 |
|
|
|a Nz
|b eng
|e pn
|c Z5A
|d CSU
|d DLC
|d CNCGM
|d OCLCF
|d OCLCO
|d OCLCQ
|d OCLCO
|d OCLCQ
|d UAB
|d DLC
|d NLE
|d OCLCQ
|d U3W
|d UOK
|d OCLCQ
|d AU@
|d OCLCO
|d WYU
|d UKMGB
|d OCLCA
|d TKN
|d WaSeSS
|
| 042 |
|
|
|a lccopycat
|
| 050 |
0 |
0 |
|a HV1451
|
| 060 |
0 |
0 |
|a W1
|b QU158LAC
|
| 082 |
0 |
4 |
|a 305.2605
|2 23
|
| 130 |
0 |
|
|a Quality in ageing and older adults (Online)
|
| 245 |
1 |
0 |
|a Quality in ageing and older adults
|h [electronic resource].
|
| 260 |
|
|
|3 2010- :
|a Hove, UK :
|b Pier Professional,
|c 2010-
|
| 310 |
|
|
|a Quarterly
|
| 362 |
1 |
|
|a Began with Volume 11, issue 1 (March 2010).
|
| 506 |
|
|
|a License restrictions may limit access.
|
| 538 |
|
|
|a Mode of access: World Wide Web.
|
| 540 |
|
|
|a Current copyright fee: GBP30.00
|c 25\0.
|5 Uk
|
| 588 |
|
|
|a Description based on: Volume 11, issue 1 (March 2010); title from journal cover image on homepage (Emerald, viewed July 15, 2010).
|
| 588 |
|
|
|a Latest issue consulted: Volume 18, issue 1 (2017) (Emerald Insight website, viewed March 3, 2017).
|
| 650 |
|
0 |
|a Older people
|x Care
|v Periodicals.
|
| 650 |
2 |
2 |
|a Public Policy
|v Periodicals.
|
| 650 |
2 |
2 |
|a Research
|v Periodicals.
|
| 650 |
|
2 |
|a Research.
|
| 650 |
|
2 |
|a Aged.
|
| 650 |
|
2 |
|a Health Services for the Aged.
|
| 650 |
|
2 |
|a Public Policy.
|
| 650 |
|
2 |
|a Quality of Life.
|
| 650 |
1 |
2 |
|a Aged
|v Periodicals.
|
| 650 |
2 |
2 |
|a Health Services for the Aged
|v Periodicals.
|
| 650 |
|
7 |
|a Older people
|x Care.
|2 fast
|0 (OCoLC)fst01199096
|
| 655 |
|
0 |
|a Electronic journals.
|
| 710 |
2 |
|
|a Emerald Group Publishing.
|
| 773 |
0 |
|
|t Health Policy Reference Center
|d EBSCO Publishing
|
| 776 |
0 |
8 |
|t Quality in ageing and older adults
|x 2044-1827
|w (DLC) 2010243705
|w (OCoLC)648031954
|
| 780 |
0 |
0 |
|t Quality in ageing
|x 1471-7794
|w (DLC) 2002243181
|w (OCoLC)45424172
|
| 850 |
|
|
|a DLC
|
| 856 |
4 |
0 |
|z Full text available from Research Library: 01/01/2011 to 1 year ago
|u https://search.proquest.com/publication/44505
|